| 000 | 00840nam a2200253 a 4500 | ||
|---|---|---|---|
| 003 | CO-ViMGA | ||
| 005 | 20230915232207.0 | ||
| 008 | 091124s2008 sp a jr 0001jdspa d | ||
| 020 | _a9788426136879 | ||
| 040 |
_aCO-ViMGA _bspa _cCO-ViMGA |
||
| 041 | 1 | _hfre | |
| 043 | _af------ | ||
| 082 | 0 | 4 |
_aI896.3 _bR84a _219 |
| 100 | 1 |
_aRuillier, Jérome, _d1966- _91915 |
|
| 245 | 1 | 0 |
_aAquí es mi casa / _cJérome Ruillier ; traducción de Teresa Farran i Vert. |
| 260 | 3 |
_aBarcelona : _bEditorial Juventud, _c2008. |
|
| 300 |
_a[26] p. : _bil. ; _c22 x 27 cm. |
||
| 534 |
_pTítulo original : _tIci, c'est chez moi. |
||
| 650 | 1 | 4 |
_aCuentos infantiles africanos. _91916 |
| 650 | 1 | 4 |
_aImaginación _v Cuentos infantiles. _91917 |
| 650 | 6 |
_aLibros ilustrados para niños. _987 |
|
| 700 | 1 |
_aFarran, Teresa, _etr. _9403 |
|
| 942 |
_2ddc _cBK |
||
| 999 |
_c33636 _d33636 |
||